Correct systems: : building a business process solution
Αποθηκεύτηκε σε:
| Κύριος συγγραφέας: | |
|---|---|
| Άλλοι συγγραφείς: | |
| Μορφή: | Βιβλίο |
| Γλώσσα: | English |
| Δημοσίευση: |
London :
Springer,
c1998
|
| Σειρά: | Applied computing
|
| Θέματα: | |
| Ετικέτες: |
Προσθήκη ετικέτας
Δεν υπάρχουν, Καταχωρήστε ετικέτα πρώτοι!
|
MARC
| LEADER | 00000nam a2200000 i 4500 | ||
|---|---|---|---|
| 001 | 1/15823 | ||
| 008 | 010122s1998 eng d | ||
| 020 | |a 3-540-76246-9 | ||
| 035 | |l 10065556 | ||
| 040 | |a GR-MY-UA |b gre |e aacr | ||
| 041 | 0 | |a eng | |
| 082 | 0 | |a 658.50285 | |
| 100 | 1 | |a Holcombe, W. M. L. (William Michael Lloyd) |d 1944- | |
| 245 | 1 | 0 | |a Correct systems: : |b building a business process solution / |c Mike Holcombe and Frorentin Ipate |
| 260 | |a London : |b Springer, |c c1998 | ||
| 300 | |a xx, 206 σ.; |b εικ.; |c 24 εκ. | ||
| 490 | 1 | |a Applied computing | |
| 504 | |a Βιβλιογραφία: σ. 200-203. Ευρετήριο | ||
| 650 | 0 | 0 | |a Production management |x Computer simulation. |
| 650 | 0 | 0 | |a System analysis. |
| 700 | 1 | |a Ipate, Florentin |d 1967- | |
| 830 | 0 | |a Applied computing | |
| 852 | |a INST |b SYROS |e 20010122 |h 658.50285 HOL |p 005500001710 |q 005500001710 |t BK |y 0 | ||
| 901 | |a BIBL5-2001-1 | ||
| 909 | |a Ε |b 084399 | ||
| 922 | |a 5ΕΛΗ |b 200012 |c ΓΡΑΦΙΚΩΝ ΤΕΧΝΩΝ |d ΜΙΧΑΛΟΠΟΥΛΟΣ | ||
| 950 | |a 183-2000-12-08 | ||
| 970 | |a ΚΟΝΤΟΥ |b ΠΑΡΑΣΚΕΥΗ |z 2001/02/14 | ||